000 00359nam a2200145Ia 4500
008 210210b1990 xxu||||| |||| 00| 0 eng d
020 _a0 86311 129 7
082 _a428 RAOH
100 _aRAO (A Rajaram).
245 _aHandbook of english usage.
260 _aHyderabad
_bOrient Longman
_c1990
300 _a292
690 _aEnglish Usage
906 _a046515
999 _c95853
_d95853